| 000 | 01160cam a2200397 4500 | ||
|---|---|---|---|
| 001 | B2199 | ||
| 008 | 090401t1988 xxu||||| |||| 00| 0 eng d | ||
| 035 | _a(Sirsi) u48684 | ||
| 041 | _aeng | ||
| 050 | _a526.90993 | ||
| 110 |
_aNew Zealand Institute of Surveyors _9602 |
||
| 245 | _aCentenary conference, 14-20 October (1988), Wellington ... technical papers | ||
| 260 |
_aWellington,New Zealand _bNew Zealand Institute of Surveyors _c1988 |
||
| 300 | _aca.300p. : ill.,maps ; 30cm. | ||
| 350 | _a0 | ||
| 520 | _aIncludes papers by Munro-Faure,P.W. , Chandler,J.H. Cooper,M.A.R. Keynote address by W.A. Robertson inserted inside back cover. | ||
| 650 | _aBLACK VEN | ||
| 650 | _aCADASTRAL SURVEYING | ||
| 650 | _aCHINA | ||
| 650 | _aDEFORMATION | ||
| 650 | _aFIG | ||
| 650 | _aFIJI | ||
| 650 | _aGIS | ||
| 650 | _aGEOMORPHOLOGY | ||
| 650 | _aHYDROGRAPHIC SURVEYING | ||
| 650 | _aLAND INFORMATION SYSTEMS | ||
| 650 | _aLAND SURVEYING | ||
| 650 | _aMARINE RESOURCES | ||
| 650 | _aNEW ZEALAND | ||
| 650 | _aPOLAND | ||
| 650 | _aSETTING OUT | ||
| 650 | _aSURVEYORS | ||
| 650 | _aTINIDAD | ||
| 942 | _n0 | ||
| 948 | _c04/03/1997 | ||
| 999 |
_c92385 _d92385 |
||